000 00354nam a2200121Ia 4500
008 220214s9999 xx 000 0 und d
100 _aMathew PK
245 0 _aStudies on the intake of water and nutrients during development of flower buds to blossoms in coffee
260 _bIndian Coffee
_c1961
300 _a8p
700 _aChokkanna NG
942 _cRE
999 _c46232
_d46232